000 00552cam a2200229 4500
008 090401t1994 xxu||||| |||| 00| 0 eng d
020 _a0333577051
035 _a(Sirsi) u595
041 _aeng
050 _a526.902462
100 _aUren, J.
245 _aSurveying for engineers.
250 _a3rd ed.
260 _aBasingstoke
_bMacMillan
_c1994
300 _axvi,586p. : ill. ; 24cm.
350 _a19.99
650 _aENGINEERING SURVEYING
690 _aLAND SURVEYING
700 _aPrice, W. F.
942 _n0
948 _c04/03/1997
999 _c85574
_d85574